00531nam a22001577a 450000500170000001000150001702000260003203500140005803700130007208200150008510000250010024501480012526000360027327000430030930000210035220220427112502.0 aENG-132416 a9788187891420c595.00 aEN-115948 bDBAD/PUB a940.548654 aChattopadhyay, Tapan aThe Ina's Secret Service In southeast Asia:bIts Background, infrastructure, Resources and Activities During world War II/cTapan Chattopadhyay aKolkatabTandrita Chandrac2011 a59/A, Garfa Main RoadbKolkatae700075 a280p.c24cm(hbk)